000 00955nas a2200325 4500
001 BR0601394
003 BR-BrBNA
005 20231205105921.0
007 ta
008 230509b bl.|||p| |||| 00| 00por d
040 _aBR-BrBNA
_bpor
_cBiblioteca Nacional de Agricultura
041 _a(Pt)
072 _aL02; Q54
100 1 _aBoscolo, W.R.
100 1 _aSignor, A.
100 1 _aFeiden, A.
100 1 _aBombardelli, R.A.
100 1 _aSignor, A.A.
100 1 _aReidel, A.
245 1 _aEnergia digestível para larvas de tilápia-do-nilo (Oreochromis niloticus)na fase de reversão sexual
650 _aTILÁPIA
650 _aALEVINO
650 _aDIETA
650 _aREVERSÃO SEXUAL
650 _aRAÇÃO
650 _aBROMATOLOGIA
773 0 _tRevista Brasileira de Zootecnia (Brazil)
_xISSN 1516-3598
_g(Nov-Dec 2005), v. 34(6) p. 1813-1818
_wBR0601394
909 _a202311
_bLúcia
_c55
_dLúcia Elande
942 _2AGRIS
_n0
_cANA
999 _c185347
_d185347